banner-ar

كتاب الصمت واداب اللسان / (Record no. 37573)

MARC details
000 -الفاتح
حقل البيانات ثابتة الطول 00870nam a2200205Ia 4500
005 - وقت وتاريخ اخر تعامل مع التسجيلة
رقم الضبط 20240530103216.0
008 - عناصر البيانات ثابتة الطول - معلومات عامة
حقل البيانات ثابتة الطول 140319s9999 xx 000 0 ara d
040 ## - مصدر الفهرسة
وكالة الفهرسة الأصلية GCL /
وكالة النسخ GCL
082 04 - رقم تصنيف ديوى العشرى
رقم التصنيف 234.2
رقم المادة ب ك
100 1# - المدخل الرئيسى - إسم شخصى
الإسم الشخصى ابن ابى الدنيا : ابوبكر عبدالله بن محمد بن عبيدالله سفيان بن قيس القرشى الامدى
245 10 - بيان العنوان
العنوان كتاب الصمت واداب اللسان /
بيان المسئوليه,etc ابن ابى الدنيا : ابوبكر عبدالله بن محمد بن عبيدالله سفيان بن قيس القرشى الامدى
260 ## - PUBLICATION, DISTRIBUTION, ETC. (IMPRINT)
تاريخ النشر أو التوزيع 1986
300 ## - الوصف المادى
التعداد 754 ص
650 04 - المدخل الاضافى بالموضوع-مصطلح موضوعى
مصطلح موضوعي الاسلام
650 04 - المدخل الاضافى بالموضوع-مصطلح موضوعى
مصطلح موضوعي علوم الحديث
650 04 - المدخل الاضافى بالموضوع-مصطلح موضوعى
مصطلح موضوعي ابن ابى الدنيا البغدادى
700 1# - المدخل الاضافى - اسم شخصى
الإسم الشخصى نجم عبدالرحمن خلف
942 ## - عناصر المدخل الإضافي( كوها)
مصدر التصنيف او مخطط الترفيف Dewey Decimal Classification
Koha [default] item type كتاب
260 ## - PUBLICATION, DISTRIBUTION, ETC. (IMPRINT)
-- [S.N] :
-- دار الغرب الاسلامى ،
Holdings
حالة التراجع حالة الفقد حالة تلف ليس للاعارة المكان المؤقت الموقع الحالى تاريخ الاكتساب اجمالي اﻻعارات رقم الطلب الباركود تاريخ اخر مشاهدة تاريخ تفعيل السعر نوع وعاء كوها
        مكتبة القاهرة الكبرى مكتبة القاهرة الكبرى 03/26/2014   234.2\ب ك 91751 03/26/2014 03/26/2014 كتاب

Powered By

EGPV